7 Perso - 1 Pts Commun - Harry Potter #10 - Statistiques

Statistiques générales
  • Ce quiz a été pris 179 fois
    163 depuis la dernière actualisation
  • Le résultat moyen est 4 sur 7
Statistiques - réponses
Personnages % Correct
Remus Lupin
83%
Bill Weasley
77%
Arthur Weasley
66%
Kingsley Shacklebolt
59%
Nymphadora Tonks
56%
Alastor Maugrey
54%
Duo des 7 Potter
43%
Aucun quiz correspondant
Distribution des résultats
% des personnes avec chaque résultat
Percentile par nombre de réponses
Votre historique - résultats
Vous n’avez pas pris ce quiz depuis la dernière actualisation